| 000 | 00541nam a2200205Ia 4500 | ||
|---|---|---|---|
| 005 | 20220930113651.0 | ||
| 008 | 131103s9999 xx 000 0 und d | ||
| 040 | _aLoreto College | ||
| 041 | _aEnglish | ||
| 082 |
_a150 _bBHA |
||
| 100 | _aBhattacharyya, P. N. | ||
| 245 |
_aText-book of psychology _cP. N. Bhattacharyya |
||
| 250 | _a2nd ed. | ||
| 260 |
_aCalcutta _bA. Mukherjee _c1973 |
||
| 300 | _aP-3(915p) | ||
| 504 | _aIncludes bibliographical references and index | ||
| 650 | _aPsychology | ||
| 850 | _aLCLIB | ||
| 942 | _cBK | ||
| 999 |
_c18772 _d69251 |
||